000 00656nam a2200133Ia 4500
008 171212s9999 xx 000 0 und d
020 _a9780833037732
100 _aFarley, Donna O.;Cretin, Shan;Vernez, Georges;Pieklik, Suzanne;Quiter, Elaine
245 _cFarley, Donna O.;Cretin, Shan;Vernez, Georges;Pieklik, Suzanne;Quiter, Elaine
_aImplementation of the Asthma Practice Guideline in the Army Medical Department
_bEvaluation of Process and Effects
260 _bRAND Corporation
_c2005
650 _aHealth Sciences
650 _aUnited States. Army -- Medical care; Asthma -- Treatment -- United States
856 _uwww.jstor.org/stable/10.7249/mg319a
999 _c352173
_d352173